00892cam a22002653a 45000010008000000030009000080050017000170070008000340080039000420100006000810200015000870400025001021000016001272400039001432450082001822500012002642600119002763000026003954900023004215000098004445210027005426000009005697000024005788300024006020000783DO-SdBNP20180213142315.00000783861112 2004 mx a 000 0 spa d a  a9681905474 aBPMSUcspadBPMSUd 1 aDahl, Roald1 aGeorge and the marvellous medicine13aLa maravillosa medicina de Jorge /cRoald Dahl ; ilustraciones Quentin Blake  a2a. ed. aMéxico :bSantillana ediciones generales,bAlfaguara,c2004.g(3a. reimpresión 2005)g(5a. reimpresión 2008) a118 p. :bil.c20 cm.0 aAlfaguara infantil aLa biblioteca posee la 3ra. reimpresión de julio 2005 de la segunda edición de mayo 1996. aA partir de 10 años.00a x 12aBlake, Quentineil. 0aAlfaguara infantil